[Event "Madrid-chT 1920 Honor"]
[Site "Madrid"]
[Date "2020.01.12"]
[Round "4.3"]
[White "Martin Duque, Jesus"]
[Black "Walter, Florian"]
[Result "1-0"]
[WhiteElo "2447"]
[BlackElo "2207"]
[PlyCount "79"]
[EventDate "2019.11.24"]
[EventType "team-tourn"]
[EventRounds "12"]
[EventCountry "ESP"]
[SourceTitle "EXT 2021"]
[Source "ChessBase"]
[SourceDate "2020.10.23"]
[SourceVersion "1"]
[SourceVersionDate "2020.10.23"]
[SourceQuality "1"]
[WhiteTeam "Collado Villalba"]
[BlackTeam "Getafe"]
[WhiteTeamCountry "ESP"]
[BlackTeamCountry "ESP"]

1. e4 c5 2. Nf3 g6 3. c4 Bg7 4. d4 cxd4 5. Nxd4 Nc6 6. Be3 Qb6 7. Nb3 Qd8 8. Qd2 d6 9. Nc3 Nf6 10. f3 0-0 11. Be2 a5 12. 0-0 a4 13. Nd4 Nxd4 14. Bxd4 Qa5 15. Rad1 Be6 16. f4 Rfc8 17. b3 axb3 18. axb3 Qb4 19. f5 Bd7 20. Bxf6 Bxf6 21. Nd5 Qxd2 22. Nxf6+ exf6 23. Rxd2 gxf5 24. Rxd6 Bc6 25. Rxf5 Bxe4 26. Rfxf6 Ra2 27. Rf2 Rca8 28. Rd4 f5 29. Bd3 Rxf2 30. Kxf2 Ra2+ 31. Ke3 Bxg2 32. b4 Kf7 33. Bxf5 h5 34. Rd6 Bf1 35. c5 Rxh2 36. Be4 Re2+ 37. Kd4 Rb2 38. Rb6 h4 39. Ke5 Re2 40. Rf6+ 1-0

[Event "Bayern-ch 89th"]
[Site "Bad Kissingen"]
[Date "2018.08.29"]
[Round "5"]
[White "Boehme, Markus"]
[Black "Walter, Florian"]
[Result "1-0"]
[WhiteElo "2096"]
[BlackElo "2246"]
[PlyCount "45"]
[EventDate "2018.08.26"]
[EventType "swiss"]
[EventRounds "9"]
[EventCountry "GER"]
[SourceTitle "CBM 189 Extra"]
[Source "ChessBase"]
[SourceDate "2019.06.03"]
[SourceVersion "1"]
[SourceVersionDate "2019.06.03"]
[SourceQuality "1"]

1. e4 c5 2. Nf3 g6 3. c3 Bg7 4. d4 cxd4 5. cxd4 d5 6. e5 Bg4 7. Bb5+ Nc6 8. Bxc6+ bxc6 9. Nbd2 c5 10. dxc5 Qc7 11. 0-0 Bxe5 12. h3 Bxf3 13. Nxf3 Bg7 14. Qxd5 Rc8 15. Be3 Bxb2 16. Rab1 Nf6 17. Qc4 Be5 18. Bh6 Nd7 19. Ng5 Bh2+ 20. Kh1 Ne5 21. Qb5+ Nc6 22. f4 Bg3 23. Qb3 1-0

[Event "Mittelfranken-chTB2b 1718"]
[Site "Mittelfranken"]
[Date "2018.04.22"]
[Round "8.1"]
[White "Beesk, Kevin"]
[Black "Walter, Florian"]
[Result "0-1"]
[WhiteElo "1984"]
[BlackElo "2228"]
[PlyCount "174"]
[EventDate "2017.10.08"]
[EventType "team-tourn"]
[EventRounds "9"]
[EventCountry "GER"]
[SourceTitle "EXT 2022"]
[Source "ChessBase"]
[SourceDate "2021.10.06"]
[SourceVersion "1"]
[SourceVersionDate "2021.10.06"]
[SourceQuality "1"]
[WhiteTeam "Neumarkt"]
[BlackTeam "Nuernberg Noris Tarrasch IV"]
[WhiteTeamCountry "GER"]
[BlackTeamCountry "GER"]

1. d4 Nf6 2. Bf4 g6 3. Nc3 d5 4. e3 Bg7 5. h4 0-0 6. h5 Nxh5 7. Rxh5 gxh5 8. Qxh5 c6 9. Bd3 f5 10. Nf3 Nd7 11. 0-0-0 Nf6 12. Qh4 e5 13. Bxe5 Ne4 14. Qh5 Bxe5 15. Nxe5 Nxf2 16. Re1 Nxd3+ 17. cxd3 Be6 18. Rh1 Qc7 19. Ne2 c5 20. dxc5 Qxc5+ 21. Kb1 Qc7 22. d4 Rac8 23. Rc1 Qg7 24. Rh1 Qc7 25. Rc1 Qg7 26. Rh1 Rf6 27. Nf4 Bf7 28. Qh4 Rd6 29. Qe7 Rb6 30. Qxf7+ Qxf7 31. Nxf7 Kxf7 32. Rxh7+ Kg8 33. Rd7 Rh6 34. a3 Rh7 35. Rxd5 Re8 36. Rxf5 Rxe3 37. Nd5 Rh1+ 38. Ka2 Re2 39. Rg5+ Kf7 40. Nc3 Rd2 41. Rb5 b6 42. d5 Rxg2 43. a4 Rc1 44. Kb3 Rcc2 45. Ka3 Ke7 46. a5 bxa5 47. Na4 Rc7 48. Rxa5 Rb7 49. Rc5 Kd6 50. Rc3 Kxd5 51. Rd3+ Kc4 52. Rc3+ Kd4 53. Rh3 Rc2 54. Rh4+ Kd3 55. Rh3+ Ke4 56. Rh4+ Kf3 57. Rh3+ Kg2 58. Rh6 Rf2 59. Rg6+ Kf1 60. Rc6 Ke1 61. Rc1+ Kd2 62. Rc8 Rf4 63. Rd8+ Kc1 64. Rc8+ Kb1 65. Nc3+ Ka1 66. Rh8 Rf1 67. Na4 Kb1 68. Nc3+ Kc1 69. Na2+ Kd2 70. Rd8+ Ke3 71. Re8+ Kd3 72. Rd8+ Kc2 73. Rc8+ Kb1 74. Nc3+ Ka1 75. Na4 Rf3+ 76. Rc3 Rxc3+ 77. bxc3 Kb1 78. Nc5 Rb5 79. Nb3 Rb6 80. Nd4 Kc1 81. c4 Kd2 82. c5 Rb8 83. c6 Kd3 84. Ne6 Rc8 85. c7 Kc4 86. Ka4 Kd5 87. Nf4+ Kd6 0-1

[Event "Mittelfranken-ch HT 67th"]
[Site "Nuremberg"]
[Date "2018.03.30"]
[Round "7"]
[White "Walter, Florian"]
[Black "Boehme, Markus"]
[Result "1-0"]
[WhiteElo "2203"]
[BlackElo "2045"]
[PlyCount "91"]
[EventDate "2018.03.27"]
[EventType "swiss"]
[EventRounds "9"]
[EventCountry "GER"]
[SourceTitle "EXT 2020"]
[Source "ChessBase"]
[SourceDate "2019.10.17"]
[SourceVersion "1"]
[SourceVersionDate "2019.10.17"]
[SourceQuality "1"]

1. c4 e5 2. g3 Nc6 3. Bg2 f5 4. Nc3 Nf6 5. Nf3 Bb4 6. Nd5 Bc5 7. d3 0-0 8. 0-0 a5 9. Nxe5 Nxe5 10. d4 Bd6 11. c5 Nf7 12. cxd6 Nxd6 13. Bf4 Nxd5 14. Bxd6 Ne7 15. Bxe7 Qxe7 16. Rc1 d6 17. Bxb7 Bxb7 18. Qb3+ Kh8 19. Qxb7 Rfc8 20. Qf3 g6 21. Rc2 Ra7 22. Rfc1 Kg7 23. Qb3 h5 24. Qd5 h4 25. Kg2 Rh8 26. e3 Kf6 27. Rc6 h3+ 28. Kf1 Kg7 29. R6c4 Re8 30. Ra4 Rea8 31. Rc3 Kf6 32. Rca3 g5 33. Ke2 f4 34. gxf4 gxf4 35. e4 Qh7 36. Rf3 Rb8 37. Rxf4+ Ke7 38. b3 Rf8 39. Qg5+ Ke8 40. Rxf8+ Kxf8 41. Qd8+ Kf7 42. Qd7+ Kg6 43. Qxh7+ Kxh7 44. b4 c6 45. Rxa5 Rg7 46. Rh5+ 1-0

[Event "Mittelfranken-ch HT 67th"]
[Site "Nuremberg"]
[Date "2018.03.27"]
[Round "2"]
[White "Walter, Florian"]
[Black "Braun, Kristin"]
[Result "1-0"]
[WhiteElo "2203"]
[BlackElo "1844"]
[PlyCount "83"]
[EventDate "2018.03.27"]
[EventType "swiss"]
[EventRounds "9"]
[EventCountry "GER"]
[SourceTitle "EXT 2020"]
[Source "ChessBase"]
[SourceDate "2019.10.17"]
[SourceVersion "1"]
[SourceVersionDate "2019.10.17"]
[SourceQuality "1"]

1. c4 Nf6 2. g3 g6 3. Bg2 Bg7 4. Nf3 d6 5. 0-0 e5 6. Nc3 Nc6 7. d3 Bd7 8. Rb1 Qc8 9. Re1 Bh3 10. Bh1 h5 11. Bg5 Ng4 12. Nd5 f6 13. Bd2 Ne7 14. Nxe7 Kxe7 15. Nh4 Qe8 16. Bxb7 Rb8 17. Be4 f5 18. Bg5+ Bf6 19. Bxf6+ Kxf6 20. Bg2 Bxg2 21. Nxg2 g5 22. f3 Nh6 23. Ne3 c6 24. Qa4 Rb7 25. c5 d5 26. Nxd5+ Kg7 27. Ne3 Qd7 28. Red1 f4 29. Nf1 Nf5 30. Qe4 Qd4+ 31. Qxd4 Nxd4 32. Kf2 Rb5 33. Rdc1 Rhb8 34. b3 Ne6 35. Rc4 Nxc5 36. Rbc1 Na6 37. Rxc6 Nb4 38. Rc7+ Kf8 39. Rxa7 R5b7 40. Rxb7 Rxb7 41. a3 Nd5 42. Rc5 1-0

[Event "Oberliga Bayern 1617"]
[Site "Bayern"]
[Date "2017.02.05"]
[Round "5.4"]
[White "Walter, Florian"]
[Black "Dey, Jan Marten"]
[Result "1/2-1/2"]
[WhiteElo "2188"]
[BlackElo "2173"]
[PlyCount "28"]
[EventDate "2016.10.16"]
[EventType "team-tourn"]
[EventRounds "9"]
[EventCountry "GER"]
[SourceTitle "EXT 2019"]
[Source "ChessBase"]
[SourceDate "2018.10.10"]
[SourceVersion "1"]
[SourceVersionDate "2018.10.10"]
[SourceQuality "1"]
[WhiteTeam "Nuernberg NT"]
[BlackTeam "Schweinfurt"]
[WhiteTeamCountry "GER"]
[BlackTeamCountry "GER"]

1. Nf3 e6 2. g3 b5 3. Bg2 Bb7 4. 0-0 Nf6 5. d4 c5 6. Bg5 Qb6 7. Nc3 d5 8. a4 b4 9. a5 Qa6 10. Na4 Nbd7 11. Bxf6 gxf6 12. dxc5 Nxc5 13. Qd4 Nd7 14. e4 e5 1/2-1/2

[Event "Pyramiden Franken Cup"]
[Site "Fuerth"]
[Date "2016.09.03"]
[Round "5"]
[White "Gerl, Hans Peter"]
[Black "Walter, Florian"]
[Result "0-1"]
[WhiteElo "2022"]
[BlackElo "2142"]
[PlyCount "58"]
[EventDate "2016.09.01"]
[EventType "swiss"]
[EventRounds "7"]
[EventCountry "GER"]
[SourceTitle "CBM 174 Extra"]
[Source "ChessBase"]
[SourceDate "2016.10.10"]
[SourceVersion "1"]
[SourceVersionDate "2016.10.10"]
[SourceQuality "1"]

1. d4 d5 2. c4 c6 3. Nc3 Nf6 4. e3 e6 5. Nf3 Nbd7 6. Bd3 dxc4 7. Bxc4 b5 8. Bd3 Bb7 9. 0-0 a6 10. b3 c5 11. Bb2 Be7 12. Be2 0-0 13. dxc5 Nxc5 14. Qxd8 Rfxd8 15. Rad1 b4 16. Nb1 Nd5 17. Nd4 Bf6 18. Bf3 a5 19. Be2 a4 20. Rc1 Rdc8 21. Nd2 axb3 22. N2xb3 Na4 23. Ba1 Nac3 24. Bd3 Rxa2 25. g3 e5 26. Nf5 e4 27. Nd6 exd3 28. Bxc3 Nxc3 29. Nxc8 Ne2# 0-1

[Event "Pyramiden Franken Cup"]
[Site "Fuerth"]
[Date "2016.09.02"]
[Round "3"]
[White "Fedorovsky, Michael"]
[Black "Walter, Florian"]
[Result "1-0"]
[WhiteElo "2497"]
[BlackElo "2142"]
[PlyCount "43"]
[EventDate "2016.09.01"]
[EventType "swiss"]
[EventRounds "7"]
[EventCountry "GER"]
[SourceTitle "CBM 174 Extra"]
[Source "ChessBase"]
[SourceDate "2016.10.10"]
[SourceVersion "1"]
[SourceVersionDate "2016.10.10"]
[SourceQuality "1"]

1. d4 d5 2. c4 c6 3. Nf3 Nf6 4. e3 e6 5. Nbd2 Nbd7 6. Bd3 dxc4 7. Nxc4 b5 8. Nce5 Bb7 9. 0-0 Bd6 10. Nxd7 Nxd7 11. e4 0-0 12. e5 Be7 13. Qc2 h6 14. Bh7+ Kh8 15. Be4 Rc8 16. Be3 Re8 17. Qd2 Kg8 18. Rac1 Qc7 19. Bxh6 gxh6 20. Qxh6 Nf8 21. Rc3 c5 22. Nd2 1-0

[Event "Pyramiden Franken Cup"]
[Site "Fuerth"]
[Date "2016.09.01"]
[Round "1"]
[White "Walter, Florian"]
[Black "Mix, Thomas"]
[Result "1-0"]
[WhiteElo "2142"]
[BlackElo "1927"]
[PlyCount "47"]
[EventDate "2016.09.01"]
[EventType "swiss"]
[EventRounds "7"]
[EventCountry "GER"]
[SourceTitle "CBM 174 Extra"]
[Source "ChessBase"]
[SourceDate "2016.10.10"]
[SourceVersion "1"]
[SourceVersionDate "2016.10.10"]
[SourceQuality "1"]

1. c4 c5 2. g3 Nc6 3. Bg2 g6 4. Nc3 Bg7 5. a3 Nf6 6. Rb1 d6 7. b4 0-0 8. bxc5 dxc5 9. Nh3 e5 10. Ng5 Qe7 11. 0-0 Rd8 12. d3 h6 13. Nge4 Nxe4 14. Bxe4 Be6 15. Nd5 Qd7 16. Be3 Nd4 17. Rxb7 Qd6 18. Nc7 f5 19. Nxe6 Nxe6 20. Bd5 Kh8 21. Qb3 Rab8 22. Bxe6 Rxb7 23. Qxb7 Qxe6 24. Qxa7 1-0

[Event "Mittelfranken-ch HT"]
[Site "Nuremberg"]
[Date "2016.03.25"]
[Round "8"]
[White "Walter, Florian"]
[Black "Boehme, Markus"]
[Result "1-0"]
[WhiteElo "2160"]
[BlackElo "1937"]
[PlyCount "57"]
[EventDate "2016.03.22"]
[EventType "swiss"]
[EventRounds "9"]
[EventCountry "GER"]
[SourceTitle "EXT 2018"]
[Source "ChessBase"]
[SourceDate "2017.10.13"]
[SourceVersion "1"]
[SourceVersionDate "2017.10.13"]
[SourceQuality "1"]

1. c4 c5 2. Nc3 Nc6 3. g3 g6 4. Bg2 Bg7 5. a3 e6 6. Rb1 a5 7. Nf3 Nge7 8. 0-0 0-0 9. d3 b6 10. Bd2 d5 11. Ne1 Ba6 12. b3 Qd7 13. Nc2 Rfd8 14. Qc1 dxc4 15. bxc4 Bxc4 16. Na4 Ba2 17. Nxb6 Qd6 18. Nxa8 Bxb1 19. Qxb1 Rxa8 20. Ne3 Rb8 21. Nc4 Qc7 22. Qd1 Nd5 23. e3 Rd8 24. Qc2 Rb8 25. Rb1 Rxb1+ 26. Qxb1 Qa7 27. Qb5 Ne5 28. Qe8+ Bf8 29. Nxe5 1-0

[Event "Forchheim op-A 14th"]
[Site "Forchheim"]
[Date "2015.10.03"]
[Round "2"]
[White "Walter, Florian"]
[Black "Hilverda, Alexander"]
[Result "0-1"]
[WhiteElo "2160"]
[BlackElo "2384"]
[PlyCount "60"]
[EventDate "2015.10.02"]
[EventType "swiss"]
[EventRounds "5"]
[EventCountry "GER"]
[SourceTitle "EXT 2019"]
[Source "ChessBase"]
[SourceDate "2018.10.10"]
[SourceVersion "1"]
[SourceVersionDate "2018.10.10"]
[SourceQuality "1"]

1. c4 e5 2. g3 Nf6 3. Bg2 h6 4. Nc3 Bb4 5. Qc2 0-0 6. Nf3 Re8 7. 0-0 c6 8. a3 Bf8 9. b3 d5 10. cxd5 cxd5 11. d4 e4 12. Ne5 Bf5 13. Be3 Nbd7 14. Nxd7 Qxd7 15. Qb2 Bh3 16. Rfc1 Bxg2 17. Kxg2 Ng4 18. Rc2 h5 19. Bf4 e3 20. Bxe3 Nxe3+ 21. fxe3 Rxe3 22. Nd1 Re6 23. Nf2 h4 24. Rac1 Rae8 25. Nd3 Rh6 26. Ne5 Qf5 27. Rf1 Qe4+ 28. Rf3 hxg3 29. hxg3 Qh7 30. Ng4 Rh1 0-1

[Event "Nuremberg Zabo op 17th"]
[Site "Nuremberg"]
[Date "2015.09.21"]
[Round "5"]
[White "Walter, Florian"]
[Black "Haag, Wolfgang"]
[Result "1-0"]
[WhiteElo "2141"]
[BlackElo "2177"]
[PlyCount "117"]
[EventDate "2015.09.21"]
[EventType "swiss"]
[EventRounds "5"]
[EventCountry "GER"]
[SourceTitle "EXT 2018"]
[Source "ChessBase"]
[SourceDate "2017.10.13"]
[SourceVersion "1"]
[SourceVersionDate "2017.10.13"]
[SourceQuality "1"]

1. c4 Nf6 2. g3 g6 3. Bg2 Bg7 4. Nc3 0-0 5. Nf3 d6 6. 0-0 e5 7. d3 a6 8. Rb1 h6 9. b4 Be6 10. Bd2 Qc8 11. c5 Nc6 12. cxd6 cxd6 13. a4 Nd5 14. b5 Nxc3 15. Bxc3 axb5 16. axb5 Ne7 17. Bb4 Qd7 18. Nd2 Ba2 19. Rc1 Nf5 20. b6 Qb5 21. g4 Qxb4 22. gxf5 Qxb6 23. fxg6 fxg6 24. Nc4 Bxc4 25. dxc4 Kh7 26. Rb1 Qc5 27. Qd5 Qxd5 28. Bxd5 Rab8 29. Rb6 Rfd8 30. Rfb1 h5 31. e3 Kh6 32. Be4 Rbc8 33. Bd5 Rc7 34. Kf1 Bf6 35. Ke2 Rdd7 36. Kd3 Bd8 37. Be6 Rg7 38. Rxd6 Be7 39. Rd5 Bf6 40. Rdb5 Bh4 41. f3 e4+ 42. fxe4 g5 43. Bd5 g4 44. Rxb7 g3 45. Rxc7 Rxc7 46. hxg3 Bxg3 47. Kd4 Re7 48. Rb7 Be5+ 49. Kc5 Re8 50. Kc6 h4 51. Kd7 Rf8 52. Rb6+ Kg5 53. Re6 Bg3 54. c5 h3 55. c6 Rf1 56. e5 Rd1 57. Rd6 Bxe5 58. c7 Bxd6 59. c8Q 1-0